| 000 | 00614nam a2200181Ia 4500 | ||
|---|---|---|---|
| 008 | 090123s9999 xx 000 0 und d | ||
| 082 | _b34095 | ||
| 100 | _aवेल्हाळ मोहन | ||
| 245 | _aहितोपदेश मनोरंजक कथा | ||
| 250 | _a0 | ||
| 260 | _bमेहता प्रकाशन | ||
| 300 | _a32 | ||
| 600 | _aवेल्हाळ मोहन | ||
| 630 | _aहितोपदेश मनोरंजक कथा | ||
| 700 | _aवेल्हाळ मोहन | ||
| 730 | _aहितोपदेश मनोरंजक कथा | ||
| 942 | _cBOOK | ||
| 999 |
_c72137 _d72137 |
||